000 00872nam a2200277 a 4500
005 20140310183620.0
008 121024s19uu xx 00 eng d
020 _a9780323069519
050 _aRC 440
_b.K362012
100 _aKeltner, Norman L.
245 _aPsychiatric nursing /
_cNorman L. Keltner, Carol E. Bostrom, Teena M. McGuinness.
250 _a6th ed. Philippine ed.
260 _aSingapore :
_bMosby/Elsevier,
_c2012.
300 _axix, 540 p. :
_bcol. ill. ;
_c28 cm.
500 _aIncludes index
521 _aNUR
650 _aPsychiatric nursing
650 _aMental disorders
_xDrug therapy
650 _aNurse-patient relations
650 _aPsychotherapy
_xMethods
650 _aPsychotropic drugs
_xAdministration and dosage
700 _aBostrom, Carol E.
700 _aMcGuinness, Teena M.
942 _cBK
_2lcc
_kFOR
999 _c25382
_d25382